The secret of brotherly love / (Record no. 4494)

MARC details
000 -LEADER
fixed length control field 00782cam a22002657a 4500
001 - CONTROL NUMBER
control field 3577688
003 - CONTROL NUMBER IDENTIFIER
control field OSt
005 - DATE AND TIME OF LATEST TRANSACTION
control field 20181206164824.0
008 - FIXED-LENGTH DATA ELEMENTS--GENERAL INFORMATION
fixed length control field 990210s1998 pau 000 0 eng
010 ## - LIBRARY OF CONGRESS CONTROL NUMBER
LC control number 99171906
020 ## - INTERNATIONAL STANDARD BOOK NUMBER
International Standard Book Number 087503900
040 ## - CATALOGING SOURCE
Original cataloging agency DLC
Transcribing agency DLC
050 00 - LIBRARY OF CONGRESS CALL NUMBER
Classification number MLCS 99/03250 (B)
082 ## - DEWEY DECIMAL CLASSIFICATION NUMBER
Classification number 242.4
Item number M961S
100 1# - MAIN ENTRY--PERSONAL NAME
Personal name Murray, Andrew,
Dates associated with a name 1828-1917.
245 14 - TITLE STATEMENT
Title The secret of brotherly love /
Statement of responsibility, etc. Andrew Murray.
250 ## - EDITION STATEMENT
Edition statement New rev. American ed.
260 ## - PUBLICATION, DISTRIBUTION, ETC.
Place of publication, distribution, etc. Fort Washington, Pa. :
Name of publisher, distributor, etc. Christian Literature Crusade,
Date of publication, distribution, etc. c1998.
300 ## - PHYSICAL DESCRIPTION
Extent 77 p. ;
Dimensions 16 cm.
490 1# - SERIES STATEMENT
Series statement Secret series ;
Volume/sequential designation 3
830 #0 - SERIES ADDED ENTRY--UNIFORM TITLE
Uniform title Secret series (Christian Literature Crusade) ;
Volume/sequential designation 3.
906 ## - LOCAL DATA ELEMENT F, LDF (RLIN)
a 7
b cbc
c orignew
d u
e ncip
f 19
g y-gencatlg
942 ## - ADDED ENTRY ELEMENTS (KOHA)
Source of classification or shelving scheme Dewey Decimal Classification
Koha item type Books
Holdings
Withdrawn status Lost status Source of classification or shelving scheme Damaged status Not for loan Collection code Home library Current library Shelving location Date acquired Cost, normal purchase price Total Checkouts Full call number Barcode Date last seen Price effective from Koha item type
    Dewey Decimal Classification     Non-fiction Harvest Mission College Harvest Mission College General Stacks 06.12.2018 250.00   242.4 M961S 005018 06.12.2018 06.12.2018 Books

OPAC Designed and Maintained by HMC Library Team.
Copyright © HMC Library,Greater Noida, UP.
For any Suggestions/Query Contact library via Email:libhmc@gmail.com